| 000 | 00724cab a2200241 4500 | ||
|---|---|---|---|
| 001 | X3244 | ||
| 008 | 090401t1996 xxu||||| |||| 00| 0 eng d | ||
| 035 | _a(Sirsi) u29414 | ||
| 041 | _aeng | ||
| 100 | _aHamelink, F. | ||
| 245 | _aConditional heteroscedasticity and real estate in diversified portfolios: an application of the QTARCH methodology | ||
| 260 | _c1996 | ||
| 350 | _a0 | ||
| 490 |
_aJournal of Property Research _v13(1) March 1996, 17-30(14) |
||
| 520 | _aReviews QTARCH methodology. | ||
| 650 | _aHETEROSCEDASTICITY MODELS | ||
| 650 | _aPROPERTY PORTFOLIOS | ||
| 650 | _aQTARCH | ||
| 690 | _aPROPERTY-PROPERTY FINANCE AND INVESTMENT | ||
| 700 | _aHoesli, M. | ||
| 942 | _n0 | ||
| 948 | _c04/03/1997 | ||
| 999 |
_c19814 _d19814 |
||